| 000 | 00771nam a2200229Ia 4500 | ||
|---|---|---|---|
| 003 | OSt | ||
| 005 | 20230410102920.0 | ||
| 008 | 210423s2011 xx 000 0 und d | ||
| 020 | _a8178121891 | ||
| 040 | _cAL | ||
| 041 | _aeng | ||
| 082 |
_a330.02 KUMS _223 |
||
| 100 |
_aKUMAR (Sanjay) _984736 |
||
| 245 | _aR. guptas popular master guide UGC NET/SET junior research fellowship and lectureship exam: economics paper II and III | ||
| 260 |
_aNew Delhi _bRamesh Publishing House _c2011 |
||
| 300 |
_axv,604 _bPB |
||
| 365 |
_b360 _cINR |
||
| 650 |
_aEconomics _984737 |
||
| 650 |
_aEconomics _984737 |
||
| 906 | _aeconomics ; exam: ; fellowship ; guide ; guptas ; junior ; lectureship ; master ; NET/SET ; paper ; popular ; R. ; research ; UGC | ||
| 942 |
_2ddc _cBK |
||
| 999 |
_c159034 _d159034 |
||